00543nam a2200193 a 4500001001300000003000900013005001700022008004100039020002300080082001300103100002400116245007500140260004400215300000900259500003500268505001000303650001200313700002400325nice12345678IN_TiNIC20260116013655.0050524s1992 lona grp 000 0 eng  a0192272 c32500a306bCAR aCarrithers, Michael aWhy Humans Have Cultures, Explaining Anthropology and Social Diversity aLondan bOxford University Press c1992 a217p aincludes index and biblioraphy2 aIndex aCulture1 aCarrithers, Michael